All 1M Cities Starting with “F” to Country - Statistics

General Stats
  • This quiz has been taken 276 times
  • The average score is 8 of 9
Answer Stats
City Country % Correct
Frankfurt Germany
99%
Fuzhou China
98%
Fuji Japan
98%
Fuyang China
97%
Fukuoka Japan
97%
Faisalabad Pakistan
91%
Fez Morocco
90%
Fortaleza Brazil
88%
Freetown Sierra Leone
86%
No matching quizzes found
Score Distribution
Percent of People with Each Score
Percentile by Number Answered
Your Score History
You have not taken this quiz